K dalšímu rozvíjení soustavy plánovitého řízení

Gespeichert in:
Bibliographische Detailangaben
Format: Buch
Sprache:Tschechisch
Veröffentlicht: Praha Ekonomický ústav ČSAV 1983
Schriftenreihe:VPE č. 170
Tags: Tag hinzufügen
Keine Tags, Fügen Sie das erste Tag hinzu!

MARC

LEADER 00000nam a2200000 4500
001 c130317
005 20041019155249.0
041 0 |a cze 
044 |a CZ 
245 1 0 |a K dalšímu rozvíjení soustavy plánovitého řízení 
264 1 |a Praha  |b Ekonomický ústav ČSAV  |c 1983 
300 |a S. 247-441 
490 1 |a VPE  |v č. 170 
830 0 |a VPE  |v č. 170